LEADER 00822cam2 22002531 450 001 SOBE00069099 005 20211214125934.0 100 $a20211214d1963 |||||ita|0103 ba 101 $aita 102 $aIT 200 0 $a3$fJohann Wolfgang Goethe 210 $aFirenze$cSansoni$d1963 215 $a1333 p.$d20 cm 461 1$1001E600200039725$12001 $aOpere / Johann Wolfgang Goethe ; cura di Lavinia Mazzucchetti 700 1$aGoethe$b, Johann Wolfgang : von$3AF00017461$4070$0151776 801 0$aIT$bUNISOB$c20211214$gRICA 850 $aUNISOB 852 $aUNISOB$j830$m45868 912 $aSOBE00069099 940 $aM 102 Monografia moderna SBN 941 $aW 957 $a830$b000596$i-3$gSI$d45868$racquisto$1bethb$2UNISOB$3UNISOB$420211214125844.0$520211214125915.0$6bethb 996 $a3$91593256 997 $aUNISOB LEADER 01831nam0 22004093i 450 001 PUV0739988 005 20231121125618.0 100 $a20171003e19661894||||0itac50 ba 101 | $alat 102 $ade 181 1$6z01$ai $bxxxe 182 1$6z01$an 200 1 $aP. Vergili Maronis Opera$fapparatu critico in artius contracto iterum recensuit Otto Ribbeck 1.-4 205 $aRist. anast 210 $aHildesheim$cGeorg Olms Verlagsbuchhandlung$d1966 215 $aVIII, 840, 101 p.$d22 cm 300 $aRipr. facs. in 1 v. dell'ed. Leipzig, 1894-1895 in 4 v. 500 10$aOpera.$3BVEE010321$9CFIV008978$930636 606 $aVirgilio Marone, Publio$xOpere$xEdizioni critiche$2FIR$3RMLC383155$9E 676 $a871.01$9Poesia latina. Periodo romano, fino al 499 ca.$v22 676 $a873.01$9Poesia epica e narrativa latina. Periodo romano, fino al 499 ca.$v22 700 1$aVergilius Maro$b, Publius$3CFIV008978$4070$07260 702 1$aRibbeck$b, Otto$3RAVV070582 790 1$aVirgilio Marone$b, Publio$3CFIV008979$zVergilius Maro, Publius 790 0$aVirgilio$c <70-19 a.C.>$3CFIV008980$zVergilius Maro, Publius 790 0$aVirgilius$c <70-19 a.C.>$3RAVV097791$zVergilius Maro, Publius 790 1$aVirgilio$b, Publio Marone$3SBNV028729$zVergilius Maro, Publius 790 0$aVergilius$c <70-19 a.C.>$3SBNV036222$zVergilius Maro, Publius 790 1$aVirgilius Maro$b, Publius$3SBNV036239$zVergilius Maro, Publius 801 3$aIT$bIT-01$c20171003 850 $aIT-FR0017 899 $aBiblioteca umanistica Giorgio Aprea$bFR0017 $eN 912 $aPUV0739988 950 0$aBiblioteca umanistica Giorgio Aprea$d 52S.SIJ. LL1 Ver.Opera.Rib.$e 52BUN0000090855 VMB RS $fA $h20171003$i20171003 977 $a 52 996 $aOpera$930636 997 $aUNICAS